The sexual citizen : queer politics and beyond

Αποθηκεύτηκε σε:
Λεπτομέρειες βιβλιογραφικής εγγραφής
Κύριος συγγραφέας: Bell, David, 1965 February 12-
Άλλοι συγγραφείς: Binnie, Jon
Μορφή: Βιβλίο
Γλώσσα:English
Δημοσίευση: Cambridge, UK : Malden, MA : Polity, Blackwell Publishers, 2000
Θέματα:
Ετικέτες: Προσθήκη ετικέτας
Δεν υπάρχουν, Καταχωρήστε ετικέτα πρώτοι!

MARC

LEADER 00000cam a2200000 i 4500
001 1/4094
008 100203s2000 eng d
020 |a 0-7456-1654-2 
035 |l 10106611 
040 |a GR-MY-UA  |b gre  |e aacr 
041 0 |a eng 
082 0 |a 306.766  |2 (22) 
100 1 |a Bell, David,   |d 1965 February 12- 
245 1 4 |a The sexual citizen :  |b queer politics and beyond /  |c David Bell and Jon Binnie 
260 |a Cambridge, UK :   |a Malden, MA :   |b Polity,   |b Blackwell Publishers,   |c 2000 
300 |a 176 σ.;  |c 24 εκ. 
504 |a Βιβλιογραφία: σ. [149]-162 
504 |a Ευρετήριο: σ. [163]-176 
650 0 0 |a Homosexuality  |x Political aspects. 
650 0 0 |a Lesbianism  |x Political aspects. 
650 0 0 |a Sex role  |x Political aspects. 
650 0 0 |a Gender identity  |x Political aspects. 
650 0 0 |a Citizenship. 
700 1 |a Binnie, Jon. 
852 |a INST  |b LESVOS  |e 20100203  |h 306.766 BEL  |p 005100046040  |q 005100046040  |t BK  |y 0 
901 |a BIBL1-2010-1 
909 |a Λ  |b 161728 
970 |a ΚΑΡΑ  |b ΓΙΑΣΕΜΗ  |z 2010/02/03